=LDR 00000nam 2200000 4500 =001 INLIS000000000006647 =005 20130612094748 =008 ***********************************Ind** =035 ##$$a0010-061300000006647 =041 ##$$a Ind =082 ##$$a 005.369 =090 ##$$a 005.369, Mar m =100 ##$$a Margunadi, AR =245 ##$$a Melukis dengan komputer melalui drhalo, Margunadi AR =260 ##$$a 1993 $b Jakarta =300 ##$$a vi, 54 hlm., Ilus., 21 cm =650 ##$$a Komputer =850 ##$$a NBPNMAT =990 ##$$a 0001/BPAP-NTB/20142014